Complete the Card - AEW Double or Nothing 2020 - Statistics

General Stats
  • This quiz has been taken 239 times
  • The average score is 20 of 27
Answer Stats
Answer % Correct
Chris Jericho
98%
Hangman Page
97%
Jon Moxley
97%
Kenny Omega
97%
Sammy Guevara
95%
Matt Jackson
94%
Nick Jackson
94%
Cody
93%
Jake Hager
87%
Ortiz
87%
Matt Hardy
86%
Santana
85%
Mr. Brodie Lee
83%
Nyla Rose
82%
MJF
81%
Hikaru Shida
76%
Dustin Rhodes
70%
Brian Cage
61%
Isiah Kassidy
60%
Lance Archer
58%
Jungle Boy
57%
Marq Quen
52%
Chuck Taylor
50%
Trent
50%
Shawn Spears
40%
Kris Statlander
27%
Penelope Ford
21%
No matching quizzes found
Score Distribution
Percent of People with Each Score
Percentile by Number Answered
Your Score History
You have not taken this quiz